000 00492nam a2200181Ia 4500
003 OSt
005 20260116124532.0
008 210210b1956 xxu||||| |||| 00| 0 eng d
040 _cAL
041 _aKannada
082 _a859/438
100 _aGIRIJADEVI
_9149127
_dಗಿರಿಜಾ ದೇವಿ
245 _aKamala kusuma:
_bಕಮಲ ಕುಸುಮ
260 _aBengaluru
_bSharada Prakatanalalya
_c1956
690 _aKannada Fiction
_9149128
906 _a021308
942 _2ddc
_cBK
999 _c145372
_d145372